000 00872nam a2200217Ia 4500
999 _c28478
_d28478
003 GCL
005 20240530101903.0
008 140319s9999 xx 000 0 ara d
040 _aGCL /
_cGCL
082 0 4 _a237/
_bن ش
100 1 _aالنووى، ابو زكريا يحيى بن شرف بن مرى بن حسين الخزامى الحورانى الشافعى، 1233-1278 م
245 1 0 _aشرح الاربعين حديث النووية /
_cابو زكريا يحيى بن شرف بن مرى بن حسين الخزامى الحورانى الشافعى النووى
260 _a[S.N] :
_bمكتبة التراث الاسلامى ،
_c1992
300 _a170 ص
650 0 4 _aالحديث
650 0 4 _aالحديث - شرح
650 0 4 _aالحديث - تفسير
650 0 4 _aالاحاديث
650 0 4 _aالاربعون حديثا
942 _2ddc
_cBK